书目信息 |
| 题名: |
男孩练块
|
|
| 作者: | 谢勇 编著 | |
| 分册: | ||
| 出版信息: | 北京 人民体育出版社 2000.04 |
|
| 页数: | 135页 | |
| 开本: | 32开 | |
| 丛书名: | ||
| 单 册: | ||
| 中图分类: | R161.5-49 | |
| 科图分类: | ||
| 主题词: | 个人卫生 | |
| 电子资源: | ||
| ISBN: | 7-5009-1905-0 | |
| 000 | 00533nam0 2200193 45 | |
| 001 | 0010251099 | |
| 005 | 20001025104940.7 | |
| 010 | @a7-5009-1905-0@d8.00元 | |
| 100 | @a20001025d2000 km y0chiy0120 ea | |
| 101 | 0 | @achi |
| 105 | @a z 000yy | |
| 200 | 1 | @a男孩练块@ANan Hai Lian Kuai@f谢勇编著@FXie Yong Bian Zhu |
| 210 | @a北京@c人民体育出版社@d2000.04 | |
| 215 | @a135页@d32开 | |
| 606 | 0 | @a个人卫生 |
| 690 | @aR161.5-49@v3 | |
| 701 | 0 | @a谢勇@4编著 |
| 801 | @aCN@bPftUser@c20001025 | |
| 905 | @b188314-316@dR161.5-49@eX.773@f3 | |
| 男孩练块/谢勇编著.-北京:人民体育出版社,2000.04 |
| 135页;32开 |
| ISBN 7-5009-1905-0:8.00元 |
| ● |
| 相关链接 |
|
|
|
正题名:男孩练块
索取号:R161.5-49/X.773
 
预约/预借
| 序号 | 登录号 | 条形码 | 馆藏地/架位号 | 状态 | 备注 |
| 1 | 188314 | 201883140 | 自科库401/ [索取号:R161.5-49/X.773] | 在馆 | |
| 2 | 188315 | 201883159 | 自科库401/ [索取号:R161.5-49/X.773] | 在馆 | |
| 3 | 188316 | 201883168 | 自科库401/401自科库 6排1列3层/ [索取号:R161.5-49/X.773] | 在馆 |